| 000 | 00891nam a22002297a 4500 | ||
|---|---|---|---|
| 005 | 20250430110144.0 | ||
| 008 | 250430b |||||||| |||| 00| 0 eng d | ||
| 020 | _a978-93-91282-22-6 (hbk) | ||
| 037 | _cTB | ||
| 040 |
_aCRL _cCRL |
||
| 041 |
_2Pun _apun |
||
| 084 |
_aS:65.42 153R3 _qCRL |
||
| 100 |
_aਗਾਰਸ਼ਿਯਾ, ਹੈਕਟੋਰ _9753520 |
||
| 245 | _aਇੱਕੀਗਾਈ | ||
| 260 |
_aਲੁਧਿਆਣਾ, ਭਾਰਤ: _bਚੇਤਨਾ ਪ੍ਰਕਾਸ਼ਨ, _c2023. |
||
| 300 | _a159 ਪ. | ||
| 365 |
_b299.00 _cINR |
||
| 650 | _2ਸੋਸ਼ਿਯੋਲੋਜੀ | ||
| 700 |
_aਜੋਧਾ, ਜਾਗਵਿੰਦਰ _eਅਨੁਵਾਦਕ _9753521 |
||
| 942 |
_2CC _cTB _hS:65.42 153R3 _n0 |
||
| 999 |
_c1309796 _d1309796 |
||